00567nam a2200205Ia 450000500170000000800410001702000180005804000180007604100080009408200210010210000170012324500420014025000120018226000420019430000290023665000170026565100250028265100260030765100280033320230801152023.0210716s2009 xx 000 0 und d a9788180522109 cAIMIT LIBRARY aeng a346.07 21bMOSB aMoshal, B S. aModern business law /cBy B S Moshal. a1st ed. aNew Delhi :bAne Books India ,c2009. axx,387p. ;bPBc23.7 cm. aBusiness Law aOffer and acceptancw aDischarge of contract aPerformance of contract